| 000 | 00524nam a2200205Ia 4500 | ||
|---|---|---|---|
| 008 | 180523s9999 xx 000 0 und d | ||
| 020 | _a0-07-119915-2 | ||
| 050 | _aMAIN HF 5657.4 | ||
| 050 | _b.Z56 2003 c.1 | ||
| 100 | _aZimmerman, Jerold L. | ||
| 245 | 0 | _aAccounting for decision making and control / | |
| 245 | 0 | _cJerold L. Zimmerman. | |
| 250 | _a4th Edition | ||
| 260 | _aNew York : | ||
| 260 | _bMcGraw-Hill, | ||
| 260 | _c2003 | ||
| 300 | _a764 pages : | ||
| 300 | _c25 cm. | ||
| 500 | _aIncludes index. | ||
| 999 |
_c357199 _d357199 |
||